[Event "Hoogeveen Essent op"]
[Site "Hoogeveen"]
[Date "2006.10.25"]
[Round "6"]
[White "Gurevich, Mikhail"]
[Black "Ernst, Sipke"]
[Result "1-0"]
[WhiteElo "2648"]
[BlackElo "2512"]
[Annotator "Gurevich,M"]
[PlyCount "69"]
[EventDate "2006.10.21"]
[EventType "swiss"]
[EventRounds "9"]
[EventCountry "NED"]
[SourceTitle "CBM 116"]
[Source "ChessBase"]
[SourceDate "2007.02.01"]
[SourceVersion "1"]
[SourceVersionDate "2007.02.01"]
[SourceQuality "1"]

1. d4 d5 2. c4 c6 3. Nf3 Nf6 4. e3 Bg4 5. h3 Bxf3 6. Qxf3 e6 7. Nc3 Nbd7 (7...
Be7 8. Bd3 O-O 9. O-O a6 10. Bd2 Nbd7 11. Rad1 Re8 12. Qg3 dxc4 13. Bxc4 b5 14.
Bb3 c5 15. Bc1 Qb6 16. dxc5 Nxc5 $132 {1-0 Gurevich,M-Berg,K/Vlissingen NED
2006/The Week in Chess 614 (68)}) 8. Bd2 Bb4 (8... Bd6 9. g4 Bb4 10. Bd3 (10.
O-O-O Nb6 11. c5 Nbd7 12. Bd3 e5 13. Bc2 e4 14. Qe2 Bxc3 15. Bxc3 O-O 16. Rhg1
Qe7 17. g5 Ne8 18. f3 f5 19. gxf6 Nexf6 20. f4 Kh8 21. Rg5 $14 {1/2-1/2 Roiz,
M-Hochstrasser,M/Feugen AUT 2006 (122)}) 10... e5 $6 11. cxd5 exd4 12. exd4 O-O
(12... cxd5 13. Qe3+ $5 (13. g5 Bxc3 14. bxc3 Qe7+ $132) 13... Kf8 14. O-O $16)
13. dxc6 Re8+ 14. Kf1 bxc6 15. a3 Ba5 16. Rd1 Nf8 17. g5 Nd5 18. b4 Bb6 19.
Nxd5 cxd5 20. h4 $36 {1-0 Gurevich,M-Arduman,C/Izmir TUR 2006 (53)}) 9. Bd3 O-O
10. a3 Bd6 11. cxd5 $5 (11. g4 g6 12. h4 h5 13. gxh5 Nxh5 14. O-O-O Qf6 15. Qe2
Qg7 16. Rdg1 $36 {1-0 Dydyshko,V-Grabarczyk,M/Lubniewice 2005/Mega2006 (33)})
11... exd5 $5 {TN} (11... Nxd5 12. O-O Bc7 13. Rfd1 Qe7 14. Rac1 Nxc3 15. Bxc3
Rfe8 16. Bc4 Rad8 17. Bb3 a5 18. e4 e5 19. d5 Nc5 20. Ba2 cxd5 21. Bxd5 $14 {
1-0 Jakobsen,O-Balcerak,P/Las Palmas 2005/CBM 109 ext (38)}) 12. g4 $5 Nb6 13.
g5 Nfd7 14. Rg1 Qe7 (14... Nc4 $5 15. Bxc4 dxc4 16. Ne4 Be7 17. Rc1 b5 $13) 15.
O-O-O f5 (15... Bxa3 $6 16. bxa3 Qxa3+ 17. Kc2 Nc4 18. Rb1 $16) (15... Nc4 $5)
16. gxf6 (16. h4 $5) 16... Nxf6 17. Qg2 Rf7 (17... Nc4 18. Bxc4 dxc4 19. e4 Nh5
20. e5 Bc7 21. Qg4 Qf7 22. Ne4 $36) 18. Kb1 $5 {[/\19.Bc1,20.f3,e3-e4-e5[+]]}
Re8 19. f3 Nfd7 20. e4 dxe4 $6 (20... Qf6 $5 21. e5 Bxe5 $1 (21... Nxe5 22.
dxe5 Bxe5 23. f4 $16) (21... Qxf3 22. Qxf3 Rxf3 23. Be2 Rxh3 24. Bg4 $16) 22.
dxe5 Nxe5 23. Rde1 Qxf3 24. Qxf3 Rxf3 $44) 21. fxe4 Bf4 22. e5 $1 $16 {[/
\Nc3-e4-d6]} Bxd2 23. Rxd2 Nf8 (23... Ref8 24. Ne4 Rf4 25. Nd6 $40) 24. Ne4 Rd8
25. Nd6 Rxd6 26. exd6 Qxd6 27. Rf2 $1 g6 (27... Re7 28. Qf3 $40) 28. Rgf1 Rxf2
29. Qxf2 Qe7 30. h4 Kg7 31. Bc2 $5 {[/\Bb3]} Nd5 32. Bb3 Nf6 33. Qf4 N8d7 34.
Ka2 c5 35. h5 $1 1-0

[Event "Olympiad-37"]
[Site "Turin"]
[Date "2006.05.23"]
[Round "3"]
[White "Gurevich, Mikhail"]
[Black "Sokolov, Ivan"]
[Result "1/2-1/2"]
[WhiteElo "2643"]
[BlackElo "2676"]
[Annotator "Gurevich,M"]
[PlyCount "52"]
[EventDate "2006.05.21"]
[EventType "team-swiss"]
[EventRounds "13"]
[EventCountry "ITA"]
[SourceTitle "CBM 113"]
[Source "ChessBase"]
[SourceDate "2006.07.31"]
[SourceVersion "1"]
[SourceVersionDate "2006.07.31"]
[SourceQuality "1"]
[WhiteTeam "Turkey"]
[BlackTeam "Netherlands"]
[WhiteTeamCountry "TUR"]
[BlackTeamCountry "NED"]

1. d4 d5 2. c4 c6 3. Nf3 Nf6 4. e3 Bg4 5. h3 Bxf3 6. Qxf3 e6 7. Bd3 Nbd7 (7...
Bb4+ 8. Bd2 Bxd2+ 9. Nxd2 Nbd7 10. cxd5 cxd5 11. g4 O-O 12. g5 Ne8 13. h4 f5
14. gxf6 $6 (14. O-O-O $5) 14... Nexf6 15. Qh3 e5 16. dxe5 Nxe5 17. Qe6+ Nf7
18. Rg1 Re8 19. Qf5 {1-0 Ilincic,Z-Pap,G/Budapest HUN 2006/The Week in Chess
597 (60)} Rc8 $5 20. h5 Qb6 $17) 8. O-O (8. Bd2 Bd6 9. Nc3 O-O 10. g4 dxc4 11.
Bxc4 e5 12. g5 Ne8 13. h4 Bb4 14. O-O-O Qe7 15. Bb3 Nc7 16. h5 (16. g6 $1 hxg6
17. h5 $40) 16... Qxg5 17. Rdg1 Qf6 18. Qh3 Ne6 19. Rg6 $3 fxg6 20. Bxe6+ Kh8
21. Ne4 Bxd2+ 22. Kxd2 Qe7 23. hxg6 h6 24. Qxh6+ gxh6 25. Rxh6+ Kg7 26. Rh7+
Kxg6 27. Rxe7 Nf6 28. Nd6 $44 {1-0 Ilincic,Z-Pataki,G/Budapest HUN 2006/The
Week in Chess 596 (60)}) (8. g4 e5 9. cxd5 Nxd5 10. Nc3 Bb4 11. Bd2 exd4 12.
exd4 O-O 13. O-O Nc7 14. Rad1 Nb6 15. a3 Be7 16. Rfe1 Nbd5 17. Bb1 $36 {
1-0 Mikhalchishin,A-Kanep,M/Gothenburg 2005/Mega2006 (41)}) 8... Bd6 9. Nc3 O-O
10. Bd2 (10. Rd1 Qe7 11. e4 dxc4 12. Bxc4 e5 13. d5 Nb6 14. Bb3 cxd5 15. Nxd5
Nfxd5 {1/2-1/2 Bareev,E-Gelfand,B/Khanty Mansyisk RUS 2005 (15)}) 10... Re8 $5
{/\11...e5} 11. Qd1 {[/\12.c5,13.f4]} (11. Rfd1 e5 $5 12. cxd5 cxd5 $132) 11...
Bc7 $1 {TN [/^b8-h2]} (11... dxc4 12. Bxc4 Qb6 13. Qc2 Rac8 14. Rfd1 Bb8 15.
Rac1 c5 16. dxc5 Nxc5 17. Be1 a6 18. Bf1 h5 19. g3 h4 20. g4 Nce4 21. Bg2 Nxc3
22. bxc3 Qc7 $132 {1/2-1/2 Schlosser,P-Braun,A/Stockholm 2003/PowerBook2005 
(48)}) (11... e5 12. cxd5 cxd5 13. Qb3 Nb6 14. Rac1 $14) 12. Qc2 (12. c5 $6 e5
$15) 12... a6 (12... dxc4 13. Bxc4 Nb6 14. Bb3 e5 15. dxe5 Bxe5 16. Rad1 $14)
13. Rac1 Rc8 14. Rfd1 Qe7 15. Ne2 (15. Qb3 b5 (15... dxc4 16. Bxc4 b5 17. Be2
c5 $132) 16. cxb5 cxb5 17. a4 b4 18. Ne2 a5 $11 19. Ba6 Bh2+ $1 $132) 15... e5
16. Bf5 (16. cxd5 $2 e4 17. Bc4 cxd5 18. Bb3 Bh2+ $17) 16... exd4 17. Nxd4 dxc4
18. Qxc4 Rcd8 (18... Qe5 19. f4 Qe7 20. Qb3 $13) 19. Nf3 $6 (19. Qb4 $1 Qxb4 (
19... Qe5 20. f4 Qd5 21. Qxb7 Bxf4 22. Qxc6 $16) 20. Bxb4 Ne5 21. b3 g6 22. Bb1
$14) 19... Ne5 $5 20. Qe2 Nxf3+ 21. Qxf3 Qe5 22. Bc3 (22. g3 $5 Qxb2 23. Bc3
Rxd1+ (23... Qxa2 24. Bxf6 gxf6 25. Qh5 $40) 24. Qxd1 Qb5 25. Bd7 $1 Rd8 26.
Bxf6 gxf6 27. Rb1 $36) 22... Qh2+ 23. Kf1 Nd5 $132 24. Be4 $5 Nxc3 25. bxc3 Qe5
26. Bc2 $1 {[/\27.Bb3<=>xf7]} g6 (26... Rxd1+ $2 27. Rxd1 Qxc3 28. Rd7 $36) (
26... g6 27. Bb3 Qe7 $11) 1/2-1/2

[Event "Bundesliga 0304"]
[Site "Germany"]
[Date "2003.12.14"]
[Round "6.6"]
[White "Gurevich, Mikhail"]
[Black "Beim, Valery"]
[Result "1-0"]
[WhiteElo "2656"]
[BlackElo "2518"]
[Annotator "Gurevich,M"]
[PlyCount "91"]
[EventDate "2003.11.01"]
[EventType "team-tourn"]
[EventRounds "15"]
[EventCountry "GER"]
[SourceTitle "CBM 099"]
[Source "ChessBase"]
[SourceDate "2004.03.30"]
[SourceVersion "1"]
[SourceVersionDate "2004.03.30"]
[SourceQuality "1"]
[WhiteTeam "Porz"]
[BlackTeam "Tegernsee"]
[WhiteTeamCountry "GER"]
[BlackTeamCountry "GER"]

1. d4 d5 2. c4 c6 3. Nf3 Nf6 4. e3 a6 5. Bd3 b5 (5... Bg4 6. Nbd2 e6 7. O-O
Nbd7 8. b3 Bd6 9. h3 (9. Bb2 Bf5 10. Qc2 Bxd3 11. Qxd3 O-O 12. c5 Bc7 13. b4
Qe7 14. Rae1 Rad8 15. Qc3 Rfe8 16. Ne5 Nxe5 17. dxe5 Nd7 18. f4 a5 19. a3 axb4
20. axb4 b6 21. Nb3 bxc5 22. bxc5 Ra8 23. Ra1 f6 $132 {0-1 Tregubov,
P-Fressinet,L/Belfort FRA 2003/The Week in Chess 476 (63)}) 9... Bf5 10. Qc2
Bxd3 11. Qxd3 O-O 12. Bb2 (12. e4 $5 dxc4 13. Nxc4 $14 (13. bxc4) 13... Nc5 $6
14. Qc2 Ncxe4 15. Re1 $16) 12... Qe7 13. Rfd1 Ba3 14. Bxa3 Qxa3 15. Nb1 Qe7 {
1/2-1/2 Gurevich,M-Fressinet,L/Belfort FRA 2003/The Week in Chess 477 (15)}) 6.
b3 Bg4 7. Nbd2 e6 (7... Qa5 $5 {(/\8...Bxf3;8...Qc3)}) 8. Qc2 Nbd7 9. Bb2 Bh5
10. O-O Be7 11. Rac1 Bg6 12. e4 (12. Bxg6 $5 hxg6 13. Ne5 Nxe5 14. dxe5 Nd7 15.
cxd5 cxd5 16. e4 $36 {1/2-1/2 Maksimenko,A-Fontaine,R/Senden 2001/CBM 84 ext 
(26)}) 12... bxc4 $5 {TN} (12... dxe4 13. Nxe4 Nxe4 14. Bxe4 O-O 15. Rfd1 Bg5
16. Ra1 Bf6 17. Ne5 $14 {1/2-1/2 Campos Moreno,J-Bannink,B/Andorra la Vella
2002/CBM 89 ext (45)}) 13. bxc4 dxe4 14. Nxe4 Nxe4 (14... O-O 15. Nxf6+ Nxf6
16. Ne5 $14) 15. Bxe4 O-O 16. Bxg6 hxg6 17. Rfd1 Qc7 18. Bc3 Rab8 19. Qd2 $5 {
[/\20.d5,20.Ba5]} (19. d5 cxd5 20. cxd5 exd5 21. Qd2 Qd6 $11) 19... Rb7 20. d5
$5 Ba3 $2 (20... cxd5 21. cxd5 Qd6 22. dxe6 Qxe6 23. Re1 Qd6 24. Qe2 $14) 21.
Rc2 (21. dxe6 $1 Bxc1 22. Qxd7 Bf4 (22... Qxd7 23. exd7 $18) 23. g3 $1 Qxd7 24.
exd7 Bc7 25. Nd4 $1 $16) 21... cxd5 (21... Qd6 22. dxe6 Qxe6 23. Bxg7 Kxg7 24.
Qc3+ $16) 22. cxd5 Qd6 23. dxe6 Qxe6 {[#]} 24. Bxg7 $1 Kxg7 25. Qc3+ Nf6 26.
Qxa3 $16 Rfb8 27. h3 Rb1 28. Rxb1 (28. Rcc1 $5 R1b2 29. Rd8 $1 Rxd8 30. Qxb2
$16) 28... Rxb1+ 29. Kh2 Ne4 30. Qe3 (30. Re2 Qf5 (30... Qc4 31. Qe3 Qc7+ 32.
g3 $16) 31. Qe3 $16) 30... Qd6+ 31. g3 Qd1 32. Qd4+ Qxd4 33. Nxd4 Rd1 34. Nb3
Rd3 35. Kg2 Rd6 $6 (35... Rc3 $5 36. Re2 f5 37. f3 Nc5 38. Re7+ Kf6 39. Rc7 Ne4
$14) 36. h4 {[/\Kg2-f3-e3]} (36. Kf3 Ng5+) 36... f5 37. Kf3 g5 38. Ke3 $1 {
[/\39.Nd4]} gxh4 39. gxh4 Kg6 40. f3 $1 (40. Nd4 Nf6 41. Rc4 Ng4+ $16) 40...
Nf6 41. Kf4 $18 Rd8 42. Rc6 a5 43. Ra6 (43. Nxa5 $2 Rd4+ $132) 43... a4 44. Nc5
Rd4+ 45. Ke3 Rd5 (45... Rxh4 46. Nd7 Kf7 47. Rxf6+ Ke7 48. Rxf5 Kxd7 49. Rf4
$18) 46. Nd3 (46. Nd3 Kg7 47. Rxa4 $18) 1-0

[Event "ESP-chT"]
[Site "Lanzarote"]
[Date "2003.05.13"]
[Round "8.1"]
[White "Matamoros Franco, Carlos S"]
[Black "Gurevich, Mikhail"]
[Result "0-1"]
[WhiteElo "2472"]
[BlackElo "2635"]
[Annotator "Gurevich,M"]
[PlyCount "36"]
[EventDate "2003.05.06"]
[EventType "team"]
[EventRounds "9"]
[EventCountry "ESP"]
[SourceTitle "CBM 094 Extra"]
[Source "ChessBase"]
[SourceDate "2003.07.09"]
[SourceVersion "2"]
[SourceVersionDate "2003.07.09"]
[SourceQuality "1"]
[WhiteTeam "Labradores Pub Magia"]
[BlackTeam "La Caja de Canarias"]
[WhiteTeamCountry "ESP"]
[BlackTeamCountry "ESP"]

1. Nf3 d5 2. d4 Bf5 3. c4 e6 4. Nc3 c6 5. Qb3 Qc8 (5... Qb6 6. c5 Qxb3 7. axb3
Nd7 (7... Na6 8. Bf4 f6 9. e4 Nb4 10. exf5 Nc2+ 11. Kd1 Nxa1 12. fxe6 Nxb3 13.
Kc2 Nxc5 14. dxc5 Bxc5 15. Bg3 Ke7 16. Na4 Bd6 17. Bd3 Nh6 18. Re1 b5 $44 {
1/2-1/2 Zakharevich,I-Vaulin,A/St Petersburg RUS 2002/The Week in Chess 418 
(41)}) 8. b4 a6 9. b5 cxb5 10. Nxb5 Rc8 11. Nc3 Ne7 12. Nh4 {1/2-1/2
Poluljahov,A-Malaniuk,V/Krasnodar RUS 2002/The Week in Chess 421 (12)}) (5...
Qc7 6. Bf4 dxc4 7. Bxc7 cxb3 8. e4 Bg6 9. a3 Nf6 10. Nd2 Nbd7 11. f3 Be7 12.
Nxb3 O-O 13. Bf4 Rfc8 14. Be3 Ne8 15. Rd1 f5 16. Bc4 $14 {1/2-1/2 Sulava,
N-Rausis,I/France 2002/CBM 88 ext (16)}) 6. g3 $5 {TN} (6. Bf4 Nf6 7. e3 Be7 8.
Be2 Nbd7 9. Rc1 O-O 10. O-O h6 11. h3 Nb6 12. c5 Nbd7 13. Qd1 Ne4 14. b4 $14 {
1-0 Schneider,S-Landgren,P/Sweden SWE 2003/The Week in Chess 437 (41)}) 6...
Be7 7. Bg2 Nf6 8. Bf4 (8. Nh4 $5 Bg4 9. h3 Bh5 10. g4 Bg6 11. g5 $36) 8... Nbd7
9. Rc1 dxc4 $5 10. Qxc4 Nd5 11. Bg5 $5 (11. Nxd5 exd5 12. Qb3 O-O $11) (11. O-O
$5 Nxf4 12. gxf4 O-O 13. Ne5 $36) 11... Nxc3 12. bxc3 $2 (12. Rxc3 Nb6 13. Qb3
Bxg5 14. Nxg5 Qd8 15. Nf3 Be4 $132) (12. Bxe7 $1 Nxa2 (12... Nxe2 13. Qxe2 Kxe7
14. d5 $1 {|^(/\15.Nd4)}) 13. Qxa2 Kxe7 14. Qa3+ Ke8 15. Nd2 $1 {(/\Nd2-c4-d6)}
(15. d5 exd5 16. Nd4 Nf6 17. Nb5 Qd7 18. Nd6+ Kd8 19. Qb4 $44) 15... Nb6 16. e4
Bg6 17. d5 f6 18. dxc6 Kf7 19. e5 $36) 12... Ba3 $1 13. Ra1 (13. Rd1 Bc2 14.
Rd2 Nb6 $19 (14... b5)) 13... Bc2 $1 $17 {[н/\14...b5,14...Nb6,14...Bb2]} (
13... Bb2 $2 14. Qb4 $16) 14. e3 h6 15. Bf4 Bb2 16. Kd2 (16. O-O Bxa1 17. Rxa1
Be4 $17) 16... Nb6 17. Qe2 (17. Qb4 Ba3 $1 18. Qxa3 Nc4+) (17. Qc5 Be4 18. Rab1
Ba3 19. Qh5 Bg6 $19) 17... Be4 18. Rab1 Na4 0-1

[Event "Cappelle op 12th"]
[Site "Cappelle la Grande"]
[Date "1996.??.??"]
[Round "?"]
[White "Gurevich, Mikhail"]
[Black "Oratovsky, Michael"]
[Result "1-0"]
[WhiteElo "2590"]
[BlackElo "2485"]
[Annotator "Gurevich,M"]
[PlyCount "89"]
[EventDate "1996.02.??"]
[EventType "swiss"]
[EventRounds "9"]
[EventCountry "FRA"]
[SourceTitle "CBM 051"]
[Source "ChessBase"]
[SourceDate "1996.04.01"]
[SourceVersion "1"]
[SourceVersionDate "1996.04.01"]
[SourceQuality "1"]

1. d4 d5 2. c4 c6 3. Nf3 Nf6 4. Qc2 g6 5. Bf4 Bf5 6. Qb3 Qb6 7. e3 Bxb1 8. Rxb1
Qxb3 9. axb3 Nbd7 10. h3 Bg7 11. Bd3 O-O (11... e6 12. Bd6 Bf8 13. Bh2 Bg7 14.
Ra1 O-O 15. Ra4 a6 16. c5 Rfc8 17. Ke2 $14 {Suba,M-Dienavorian,M Lucerne ol
1982}) 12. Ke2 Rfe8 {[/\13...Nh5 14.Bh2 e5<=>]} 13. g4 $1 $14 e6 14. Rhd1 a6 (
14... h5 15. g5 Ne4 16. Bxe4 dxe4 17. Nd2 e5 18. dxe5 Bxe5 19. Bxe5 Rxe5 (19...
Nxe5 20. Nxe4 $16) 20. Nxe4 $16) 15. Ra1 Rac8 16. Rac1 c5 (16... Kh8 $142 $14 {
(/\17...Kg8)}) 17. Kf1 $1 {[/\18.Ne5,Bd3-e2-f3]} (17. Rc2 cxd4 18. exd4 dxc4
19. bxc4 e5 20. dxe5 Nxe5 21. Nxe5 Nd7 $132) 17... cxd4 18. exd4 Nb8 $5 {
[/\19...Nc6<=>><d4]} 19. Ne5 $1 Nfd7 (19... Nc6 20. Nxc6 (20. cxd5 Nxd5 21.
Nxc6 Rxc6 (21... Nxf4 22. Ne7+ $18) 22. Rxc6 bxc6 $13) 20... Rxc6 21. c5 $14 {
(/\b3-b4-b5)}) 20. Nxd7 Nxd7 21. Be2 $1 dxc4 (21... Nb8 22. cxd5 exd5 23. Bf3
Rxc1 24. Rxc1 Bxd4 25. Bxd5 Bxb2 26. Rc7 $16) 22. bxc4 e5 23. dxe5 Nxe5 24. Rd5
$16 h6 (24... Nc6 25. Be3 $1 {(/\26.b3,27.Rcd1)} (25. Rd7 Bxb2 26. Rb1 Be5 $10)
25... Bxb2 26. Rb1 Bc3 27. Rxb7 $16) 25. b3 Re6 26. Rcd1 Rce8 27. Rd8 a5 28.
Be3 $1 {[/\29.Rxe8,30.Bb6]} Bf8 29. R1d5 $1 (29. Rxe8 Rxe8 30. Bb6 Bb4 31. f4
Nc6 32. Rd7 Re7 $14) 29... Rxd8 $138 30. Rxd8 Nc6 31. Rc8 Kg7 32. Bf3 $1 {
[/\33.Bd5 ><c6,f7]} (32. Bxh6+ Kxh6 33. Rxf8 Kg7 34. Rc8 Nd4 $132) 32... Bb4
33. Bd5 $18 Re7 (33... Rf6 34. Rc7 $18) 34. Bxc6 bxc6 35. Bd4+ $1 f6 36. Rxc6
Rf7 37. h4 {[/\38.g5]} Rd7 (37... g5 38. h5 $18) 38. Bxf6+ Kf7 39. Be5 Rd1+ 40.
Kg2 Be7 41. h5 gxh5 42. gxh5 Bf8 (42... Rd3 43. Rxh6 Rxb3 44. Rh7+ Ke6 45.
Rxe7+ $1 Kxe7 46. h6 $18) 43. Bc3 Rd3 44. Bxa5 Rxb3 45. Bd2 1-0

[Event "Haarlem AKN op 06th"]
[Site "Haarlem"]
[Date "1997.??.??"]
[Round "4"]
[White "Gurevich, Mikhail"]
[Black "Rausis, Igors"]
[Result "1-0"]
[WhiteElo "2585"]
[BlackElo "2470"]
[Annotator "Gurevich,M"]
[PlyCount "53"]
[EventDate "1997.06.26"]
[EventType "swiss"]
[EventRounds "6"]
[EventCountry "NED"]
[SourceTitle "CBM 063"]
[Source "ChessBase"]
[SourceDate "1998.03.26"]
[SourceVersion "1"]
[SourceVersionDate "1998.03.26"]
[SourceQuality "1"]

1. Nf3 d5 2. d4 c6 3. c4 dxc4 4. e3 Be6 5. Nc3 (5. a4 Nf6 6. Na3 c5 7. Bxc4
Bxc4 8. Nxc4 cxd4 9. Qxd4 Nc6 10. Qxd8+ Rxd8 {0-1 Henriksen,G-Rausis,I/Gausdal
Eikram mem op (8) 1996 (34)}) (5. Ng5 $4 Qa5+ {0-1 Farago,I-Bliumberg,V
Budapest 1994}) 5... b5 (5... Nf6 6. Ng5 Bg4 7. f3 Bh5 8. Bxc4 $14) 6. a4 (6.
Ng5 Bf5 7. e4 Bg6 8. f4 e6 $13) 6... b4 7. Ne4 Nf6 8. Ned2 $5 (8. Nxf6+ exf6
$13 9. Qc2 $2 b3 10. Qc3 Na6 11. Bd2 Nb4 $17) 8... c3 9. bxc3 bxc3 10. Nc4 (10.
Nb1 $6 Qa5 11. Qc2 Nd5 12. Ba3 (12. e4 Nb4 $17) 12... Na6 13. Bxa6 Qxa6 14.
Nxc3 Nxc3 15. Qxc3 Bd5 $15) 10... Bxc4 (10... g6 $5 11. Qc2 Bg7 12. Qxc3 c5
$132) 11. Bxc4 e6 12. a5 $5 (12. Qb3 a5 (12... Qb6 $5 $13) 13. Ba3 Bxa3 14.
Qxa3 Qe7 $13) 12... Nbd7 (12... Bb4 13. Qa4) 13. O-O Be7 (13... Bb4 14. Qa4 Rb8
15. Ba3 $5 $36 Qxa5 $2 16. Qxa5 Bxa5 17. Bd6 $16) (13... Rb8 14. Qd3 $5 Bb4 15.
e4 Bxa5 (15... O-O 16. e5 Nd5 17. Ng5 $40) 16. Ba3 $44) 14. Qd3 O-O 15. Qxc3 c5
16. Bb2 (16. Ba3 $5 Rc8 17. Rfc1 $14) 16... Rb8 17. Rfc1 Qc7 18. Qc2 Qb7 (18...
Rfd8 19. Bd3 {(/\20.Ba3)}) 19. Ba3 Rfe8 $6 (19... Rfc8 $5 {(/\20...Bf8,21...
cxd4)} 20. Qd3 $5 (20. Qe2 Rc7 $10) 20... Rc7 21. Rab1 Qa8 22. Rxb8+ Qxb8 23.
e4 $36) 20. Be2 cxd4 $6 (20... Rec8 21. Rab1 $14) 21. Bxe7 Rxe7 (21... d3 22.
Qxd3 Rxe7 23. Rab1 Qa8 24. Qd6 $14) 22. Nxd4 Ree8 $2 (22... Ne5 23. f4 Ng6 24.
Rab1 Qa8 25. Rxb8+ Qxb8 26. Nc6 $18) (22... Nf8 23. Rcb1 $1 (23. Rab1 Rc7 $1
$13) 23... Qc8 24. Rxb8 Qxb8 25. Nc6 Rc7 26. Qxh7+ $1 N8xh7 27. Nxb8 $16) 23.
Nc6 $18 Qb2 (23... Rbc8 24. Ne7+ $18) (23... Ra8 24. Rab1 Qc8 25. Ne7+) 24.
Nxb8 Qxb8 25. Rab1 Qe5 26. Qc7 Qd5 27. Bb5 1-0

[Event "FIDE World Cup"]
[Site "Khanty-Mansiysk"]
[Date "2005.12.06"]
[Round "4.1"]
[White "Gurevich, Mikhail"]
[Black "Malakhov, Vladimir"]
[Result "1/2-1/2"]
[WhiteElo "2652"]
[BlackElo "2670"]
[Annotator "Gurevich,M"]
[PlyCount "96"]
[EventDate "2005.11.27"]
[EventType "k.o."]
[EventRounds "7"]
[EventCountry "RUS"]
[SourceTitle "CBM 111"]
[Source "ChessBase"]
[SourceDate "2006.04.04"]
[SourceVersion "1"]
[SourceVersionDate "2006.04.04"]
[SourceQuality "1"]

1. d4 d5 2. c4 c6 3. Nf3 Nf6 4. e3 a6 5. Be2 Bg4 6. O-O (6. h3 Bh5 7. Qb3 Qc7
8. cxd5 cxd5 9. Bd2 e6 10. Ne5 Bxe2 11. Kxe2 Nc6 12. Rc1 Be7 13. Nc3 Nd7 14.
Nxd7 Qxd7 15. Na4 Rd8 16. Kf1 O-O 17. Kg1 f5 18. Nc5 Bxc5 19. Rxc5 $11 {
1-0 Ivanchuk,V-Kotanjian,T/Yerevan 2004/Mega2006 (33)}) 6... e6 7. Qb3 Qc7 8.
Bd2 Nbd7 $5 (8... Be7 9. Rc1 O-O 10. h3 Bh5 11. cxd5 exd5 12. Nc3 Qc8 13. g4
Bg6 14. Ne5 Bd6 15. Nxg6 hxg6 16. Bf3 Bc7 17. Bg2 $14 {1-0 Burmakin,V-Houska,J/
Deizisau 2004/PowerBook2005 (46)}) 9. Rc1 Qb6 $5 (9... Bd6 10. h3 Bh5 11. cxd5
exd5 12. Bb4 $36) 10. Qxb6 (10. Nc3 Qxb3 11. axb3 Bd6 $11) 10... Nxb6 11. c5
Nbd7 12. Nc3 g6 $5 {[/\13...Bg7,e6-e5<=>[+]]} 13. h3 Bxf3 14. Bxf3 Bg7 15. Re1
$6 (15. b4 e5 16. a4 O-O 17. b5 Ne8 $132) 15... O-O 16. b4 e5 17. Rab1 Ne8 $5
18. dxe5 Nxe5 19. Be2 Rd8 20. Rec1 (20. a4 Nc7 21. b5 axb5 22. axb5 Nc4 $36)
20... Nc7 21. a4 f5 22. Nd1 (22. b5 axb5 23. axb5 Ne6 $132) 22... Ne6 23. b5
axb5 24. axb5 f4 $1 $36 25. bxc6 bxc6 26. Rb6 $6 (26. exf4 Nxf4 27. Bxf4 Rxf4
28. Ne3 Rdf8 $15) 26... fxe3 27. fxe3 (27. Nxe3 Nd4 28. Ba6 (28. Bd1 Nd3) 28...
Nd7 $1 $17 (28... Nef3+ 29. gxf3 Nxf3+ 30. Kg2 Nxd2 31. Rxc6 $13)) 27... d4 $5
28. Nf2 h5 $1 $17 {[/\29...Bh6;xe3]} (28... Bh6 29. Ng4 Nxg4 30. Bxg4 Ng7 31.
Rxc6 $132) 29. Bd1 $5 {[/\30.Bb3<=>]} Bh6 30. Bb3 dxe3 $1 31. Bxe6+ Kh8 $2 (
31... Kg7 32. Ne4 (32. Rb7+ Kf6 33. Ne4+ Kxe6 $19) 32... exd2 33. Rb7+ Kh8 34.
Rd1 Be3+ 35. Kh2 h4 $17) 32. Bc3 $1 $132 exf2+ 33. Kf1 Bxc1 34. Bxe5+ Kh7 35.
Rb7+ Kh6 36. Bg7+ Kg5 37. Bxf8 Rxf8 38. Rf7 $1 Re8 39. Bd7 $11 Re5 40. Kxf2
Rxc5 41. g3 Rc2+ 42. Kf3 Rc3+ 43. Kg2 h4 44. gxh4+ Kxh4 45. Rf6 Rg3+ 46. Kf2
Be3+ 47. Ke2 c5 48. Rf3 Rxf3 1/2-1/2

[Event "Bundesliga 0506"]
[Site "Germany"]
[Date "2006.02.19"]
[Round "11.5"]
[White "Gurevich, Mikhail"]
[Black "Saltaev, Mihail"]
[Result "1/2-1/2"]
[WhiteElo "2652"]
[BlackElo "2498"]
[Annotator "Gurevich,M"]
[PlyCount "73"]
[EventDate "2005.10.21"]
[EventType "team-tourn"]
[EventRounds "15"]
[EventCountry "GER"]
[SourceTitle "CBM 112"]
[Source "ChessBase"]
[SourceDate "2006.06.07"]
[SourceVersion "1"]
[SourceVersionDate "2006.06.07"]
[SourceQuality "1"]
[WhiteTeam "Porz"]
[BlackTeam "Muelheim Nord"]
[WhiteTeamCountry "GER"]
[BlackTeamCountry "GER"]

1. d4 d5 2. c4 c6 3. Nf3 Nf6 4. e3 a6 5. Bd3 g6 6. O-O Bf5 7. Bxf5 gxf5 8. b3 (
8. Qb3 Qc7 (8... Ra7 9. Bd2 e6 10. Rc1 Rg8 11. Nc3 Ne4 12. cxd5 Nxd2 13. Nxd2
cxd5 14. Nf3 Bd6 15. Ne2 Nc6 16. Rc3 Ke7 17. Rac1 f6 18. Nf4 Bxf4 19. exf4 Qc7
20. Re1 Kf7 $11 {1-0 Kalinitschew,S-Saltaev,M/Germany 2005/CBM 106 (34)}) 9.
Bd2 e6 10. cxd5 Nxd5 11. Nc3 Nd7 12. Nxd5 cxd5 13. Rfc1 Qb6 14. Qa4 Bd6 15. Ne5
Qb5 16. Qxb5 axb5 17. Nd3 Nb6 18. Be1 Nc8 19. Rc3 Kd7 20. Rb3 Kc6 21. Rc1+ Kb6
22. a3 Ra4 23. Nb4 Na7 24. Kf1 {1/2-1/2 Dautov,R-Saltaev,M/Katernberg GER 2005/
The Week in Chess 579 (24)}) 8... e6 9. Ba3 Nbd7 $5 {TN} (9... Bxa3 10. Nxa3
Nbd7 11. Nc2 Rg8 12. Nce1 Nf8 13. cxd5 Qxd5 14. Rc1 Ne4 15. Ne5 Ng6 16. f3 Ng5
{1/2-1/2 Sprenger,J-Saltaev,M/Germany 2003/CBM 100 ext (30)} 17. Nc4 $5 $14)
10. Bxf8 Nxf8 11. Nc3 Ng6 12. Rc1 Rg8 13. cxd5 Nxd5 $5 {[/\14...Nh4<=>>>;} (
13... cxd5 14. Na4 Ne4 15. Nc5 $14 b6 $140 16. Nd3 Nh4 17. Nxh4 Qxh4 18. f3 $16
) 14. Na4 $5 (14. Nxd5 exd5 $5 15. Qc2 Qf6 16. Kh1 Kf8 $11 {(/\Kf8-g7,Rg8-e8)})
14... Nh4 $1 15. g3 Nxf3+ 16. Qxf3 Qg5 $5 {[/\17...Qg4;17...0-0-0<=>>>]} 17.
Nc5 O-O-O 18. e4 $5 Nc7 $1 (18... fxe4 19. Qxf7 Qe7 20. Qxe7 Nxe7 21. Rfd1 $14)
(18... Nc7 {Diagram}) 19. Nxb7 $1 (19. exf5 Qxf5 20. Qxf5 exf5 21. Rfd1 f4 $36)
19... Kxb7 20. Qc3 $1 $44 {[XKb7]} Na8 $6 (20... Qe7 $6 21. Qxc6+ Kb8 22. Qb6+
Kc8 23. Rc6 $18) (20... Nb5 $1 $11 21. Qxc6+ Ka7 22. Qc5+ (22. a4 Nxd4 23. Qc7+
Ka8 24. Rc6 Nxc6 25. Qxc6+ $11) 22... Kb7 23. Qc6+ $11) (20... Rd6 $5 21. Qb4+
Nb5 22. a4 a5 $1 (22... Rxd4 23. Qc5 fxe4 24. Qxc6+ Ka7 25. axb5 Qxb5 26. Qc7+
$40) 23. Qxa5 (23. Qc5 fxe4 24. axb5 Qxc5 25. Rxc5 Rxd4 $132) 23... Nxd4 24.
Rc4 $1 $44) 21. Qxc6+ Ka7 22. Qc5+ Kb8 23. Rc4 $5 (23. f4 $5 {(Xe7)} Qf6 24. e5
Qh4 25. Kh1 $1 Rxg3 $140 $4 (25... Qh3 26. Qb4+ Ka7 27. Qe7+ Kb8 $13) 26. Rc4
$18) (23. Qb4+ Ka7 24. Qc5+ $11) 23... Rd7 $8 24. Qc6 Qe7 (24... Rb7 $1 25.
exf5 (25. Qxa6 fxe4 26. Qd6+ Nc7 $15) 25... Rb6 26. Qd7 Qxf5 27. Rfc1 $44) 25.
Qxa6 $6 (25. exf5 $5 Qd6 (25... Rd6 26. Rb4+ Ka7 27. Qc5+ Nb6 28. Rxb6 $18) (
25... exf5 26. Qxa6 $14) (25... Ka7 26. Re1 $36) 26. Rb4+ $1 Qxb4 27. Qxd7 $36)
25... fxe4 26. Qb5+ Rb7 27. Qe5+ Nc7 28. Qxe4 (28. d5 Qg5 $13) 28... f5 29. Qe5
Rd8 $1 $44 {[XXd5,d4;/\30...Rd5,31...Qd6<=>]} 30. Rfc1 Rd5 31. Qf4 Qd6 32. Qh4
Qd7 33. Qf6 Qd8 34. Qh6 (34. Qg7 Rd7 35. Qe5 Rd5 $11) 34... Qd7 (34... Rxd4 35.
Rxd4 Qxd4 36. Qxh7 Qd2 37. Rc4 Qd1+ 38. Kg2 Qd5+ $13) 35. Qf8+ Qd8 36. Qh6 Qd7
37. Qf8+ $11 1/2-1/2